00894nam a2200253 a 450000100060000000300080000600500170001400800410003102000250007203500190009704000320011604100080014808200220015610000440017824500800022225000120030226000560031430000340037050400410040465000240044594200120046999900170048195201420049875468BD-RjUL20211209082709.0190411s1983 nyua b 001 0 eng  a0394326377 :c$21.95 a(BD-RjUL)75686 aDLCcDLCdDLCdBD-RjULbeng aeng00223a658bDUM 19831 aDuncan, W. Jack q(Walter Jack)923050710aManagement, progressive responsibility in administration /cW. Jack Duncan. a1st ed. aNew York :bRandom House Business Division,cc1983. axxi, 551 p. :bill. ;c24 cm. aIncludes bibliographies and indexes. 0aManagement.9230508 2ddccBK c75468d75468 00102ddc40718NFICaRUCLbRUCLcReadingd1991-06-17eU.S.A. Asia Foundationl0o658 DUM 1983r2019-04-11 00:00:00tC-1w2019-04-11yBK